000 00866cam a22002893a 4500
001 11304
003 PGUSA
005 20140828083235.0
008 040201s2004||||xxu|||||s|||||000 1 eng d
040 _aPGUSA
_beng
042 _adc
050 4 _aPR
100 1 _aMoore, George,
_d1852-1933
245 1 4 _aThe Lake
_h[electronic resource] /
_cGeorge Moore
260 _bProject Gutenberg,
_c2004
506 _aPublic domain in the USA.
516 _aElectronic text
653 _aIreland -- Fiction
653 _aPriests -- Ireland -- Fiction
653 _aCatholic Church -- Ireland -- Clergy -- Fiction
653 _aNature -- Psychological aspects -- Fiction
653 _aUnmarried mothers -- Fiction
653 _aSpiritual life -- Fiction
830 0 _aProject Gutenberg
_v11304
856 4 0 _uhttp://www.gutenberg.org/ebooks/11304
942 _cEB
999 _c240559
_d240559